Fiškálna stabilizačná politika krajín Vyšehradskej štvorky po roku 2000 bakalárska práca

Guardado en:
Detalles Bibliográficos
Autor principal: Repáň, Branislav
Autor Corporativo: Národohospodárska fakulta EU. Katedra financií
Otros Autores: Boór, Matej, 1988-
Formato: Libro
Lenguaje:eslovaco
Publicado: Bratislava 2018
Etiquetas: Agregar Etiqueta
Sin Etiquetas, Sea el primero en etiquetar este registro!

MARC

LEADER 00000nbm a2200000 4500
001 0245898
005 20181214125524.2
041 0 |a slo 
044 |a SK 
245 1 0 |a Fiškálna stabilizačná politika krajín Vyšehradskej štvorky po roku 2000  |b bakalárska práca  |c Branislav Repáň ; školiteľ: Matej Boór 
264 1 |a Bratislava  |c 2018 
300 |a 56 s. 
100 1 |a Repáň, Branislav 
700 1 |a Boór, Matej, 1988- 
710 2 |a Národohospodárska fakulta EU. Katedra financií